LEADER 02081nam0 2200469 i 450 001 LO10765080 005 20231121125523.0 010 $a8879812262 020 $aIT$b2004-4628 100 $a20040924d2003 ||||0itac50 ba 101 | $aita 102 $ait 181 1$6z01$ai $bxxxe 182 1$6z01$an 200 1 $a˜I œgenerali della pace$f°scritti di! L. Tolstoj ... °et al.!$ga cura di Fabio Giovannini 210 $a Roma$cDatanews$d2003 215 $a127 p.$d21 cm. 606 $aPace$2FIR$3RMLC006338$9E 606 $aPacifismo$2FIR$3RMLC000814$9I 676 $a172.42$9Etica aapllicata (Etica applicata). Guerra e pace.$v21 702 1$aGiovannini$b, Fabio$f <1958- >$3CFIV007254 702 1$aTolstoj$b, Lev Nikolaevi?$3CFIV010449 790 1$aTolstoy$b, Léon$3BVEV011791$zTolstoj, Lev Nikolaevi? 790 1$aTolstoj$b, Leo$3BVEV061006$zTolstoj, Lev Nikolaevi? 790 1$aTolstoj$b, Leone$3CFIV019431$zTolstoj, Lev Nikolaevi? 790 1$aTolstoj$b, Nikolaevi?$3CFIV077302$zTolstoj, Lev Nikolaevi? 790 1$aTolstoj$b, Lev$3CFIV086628$zTolstoj, Lev Nikolaevi? 790 1$aTolstoi$b, Lev Nikolaevi?$3CFIV144958$zTolstoj, Lev Nikolaevi? 790 1$aTolstòj$b, Lev Nikolaevic$3CFIV205023$zTolstoj, Lev Nikolaevi? 790 1$aTolstoj$b, Graf Lev Nikolaevi?$3CFIV331187$zTolstoj, Lev Nikolaevi? 790 1$aTolstoi$b, Leone$3MUSV064929$zTolstoj, Lev Nikolaevi? 790 1$aTolstoï$b, Léon$3RMLV036602$zTolstoj, Lev Nikolaevi? 790 1$aTolstoi$b, Leo N.$3RMLV037657$zTolstoj, Lev Nikolaevi? 801 3$aIT$bIT-01$c20040924 850 $aIT-RM028 $aIT-FR0017 899 $aBiblioteca Universitaria Alessandrina$bRM028 899 $aBiblioteca umanistica Giorgio Aprea$bFR0017 $eN 912 $aLO10765080 950 0$aBiblioteca umanistica Giorgio Aprea$d 52MAG 6/2186$e 52FC 0000000425 VMB RS $fA $h20210602$i20210602 977 $a 01$a 52 996 $aGenerali della pace$93608576 997 $aUNICAS LEADER 05447nam 22007215 450 001 9910483217903321 005 20251230060602.0 010 $a3-030-67856-3 024 7 $a10.1007/978-3-030-67856-2 035 $a(CKB)4100000011931186 035 $a(DE-He213)978-3-030-67856-2 035 $a(MiAaPQ)EBC6624000 035 $a(Au-PeEL)EBL6624000 035 $a(OCoLC)1252428033 035 $a(PPN)255883757 035 $a(EXLCZ)994100000011931186 100 $a20210515d2021 u| 0 101 0 $aeng 135 $aurnn#008mamaa 181 $ctxt$2rdacontent 182 $cc$2rdamedia 183 $acr$2rdacarrier 200 10$aFrontiers in Statistical Quality Control 13 /$fedited by Sven Knoth, Wolfgang Schmid 205 $a1st ed. 2021. 210 1$aCham :$cSpringer International Publishing :$cImprint: Springer,$d2021. 215 $a1 online resource (XVI, 406 p. 132 illus., 86 illus. in color.) 225 1 $aFrontiers in Statistical Quality Control,$x2698-2714 311 08$a3-030-67855-5 327 $aPart I Statistical Process Control -- Chapter 1 -- Use of the Conditional False Alarm Metric in Statistical Process Monitoring -- Chapter 2 Design Considerations and Tradeoffs for Shewhart Control Charts -- Chapter 3 On the Calculation of the ARL for Beta EWMA Control Charts -- Chapter 4 Flexible Monitoring Methods for High-Yield Processes -- Chapter 5 An Average Loss Control Chart Under a Skewed Process Distribution -- Chapter 6 ARL-unbiased CUSUM schemes to monitor binomial counts -- Chapter 7 Statistical Aspects of Target Setting for Attribute Data Monitoring -- Chapter 8 MAV control charts for monitoring two-state processes using indirectly observed binary data -- Chapter 9 Monitoring Image Processes ? Overview and Comparison Study -- Chapter 10 Parallelized Monitoring of Dependent Spatiotemporal Processes -- Chapter 11 Product?s Warranty Claim Monitoring under Variable Intensity Rates -- Chapter 12 A Statistical (Process Monitoring) Perspective on Human Performance Modeling in the Age of Cyber-Physical Systems -- Chapter 13 Monitoring Performance of Surgeons Using a New Risk-adjusted Exponentially Weighted Moving Average Control Chart -- Chapter 14 Exploring the usefulness of Functional Data Analysis for Health Surveillance -- Chapter 15 Rapid Detection of Hot-spot by Tensor Decomposition with Application to Weekly Gonorrhea Data -- Chapter 16 An approach to monitoring time between events when events are frequent -- Part II Selected Topics from Statistical Quality Control -- Chapter 17 Analysis of Measurement Precision Experiment with Ordinal Categorical Variables -- Chapter 18 Assessing a Binary Measurement System with Operator and Random Part Effects -- Chapter 19 Concepts, Methods and Tools Enabling Measurement Quality -- Chapter 20 Assessing laboratory effects in key comparisons with two transfer standards measured in two petals: A Bayesian approach -- Chapter 21 Quality control activities are a challenge for reducing variability -- Chapter 22 Is the Benford Law useful for Data Quality Assessment? 330 $aThis contributed book focuses on major aspects of statistical quality control, shares insights into important new developments in the field, and adapts established statistical quality control methods for use in e.g. big data, network analysis and medical applications. The content is divided into two parts, the first of which mainly addresses statistical process control, also known as statistical process monitoring. In turn, the second part explores selected topics in statistical quality control, including measurement uncertainty analysis and data quality. The peer-reviewed contributions gathered here were originally presented at the 13th International Workshop on Intelligent Statistical Quality Control, ISQC 2019, held in Hong Kong on August 12-14, 2019. Taken together, they bridge the gap between theory and practice, making the book of interest to both practitioners and researchers in the field of statistical quality control. 410 0$aFrontiers in Statistical Quality Control,$x2698-2714 606 $aStatistics 606 $aSecurity systems 606 $aData mining 606 $aBiometry 606 $aMathematical statistics$xData processing 606 $aStatistics in Engineering, Physics, Computer Science, Chemistry and Earth Sciences 606 $aSecurity Science and Technology 606 $aData Mining and Knowledge Discovery 606 $aBiostatistics 606 $aStatistics in Business, Management, Economics, Finance, Insurance 606 $aStatistics and Computing 615 0$aStatistics. 615 0$aSecurity systems. 615 0$aData mining. 615 0$aBiometry. 615 0$aMathematical statistics$xData processing. 615 14$aStatistics in Engineering, Physics, Computer Science, Chemistry and Earth Sciences. 615 24$aSecurity Science and Technology. 615 24$aData Mining and Knowledge Discovery. 615 24$aBiostatistics. 615 24$aStatistics in Business, Management, Economics, Finance, Insurance. 615 24$aStatistics and Computing. 676 $a658.562 702 $aKnoth$b Sven 702 $aSchmid$b Wolfgang 801 0$bMiAaPQ 801 1$bMiAaPQ 801 2$bMiAaPQ 906 $aBOOK 912 $a9910483217903321 996 $aFrontiers in Statistical Quality Control 13$91904789 997 $aUNINA